MARC

LEADER 00000nam0a2200000 4500
001 335765
005 20231102004803.0
035 |a (RuTPU)RU\TPU\book\362177 
090 |a 335765 
100 |a 20171003d1978 k y0rusy50 ca 
101 0 |a rus 
102 |a RU 
105 |a a dm 001zy 
200 1 |a Инверсионная вольтамперометрия многокомпонентных систем и ее применение в анализе материалов цветной металлургии  |e автореферат диссертации на соискание ученой степени доктора химических наук  |e спец. 02.00.02  |f Е. Я. Нейман  |g Академия наук СССР (АН СССР), Институт геохимии и аналитической химии им. В. И. Вернадского (ГЕОХИ) 
210 |a Москва  |c [Б. и.]  |d 1978 
215 |a 44 с.  |c ил. 
300 |a Защита сост. в 1978 г. 
320 |a Библиогр.: с. 38-44 (63 назв.) 
606 1 |a Вольтамперометрия инверсионная  |2 stltpush  |3 (RuTPU)RU\TPU\subj\72717  |9 86121 
610 1 |a аналитическая химия 
610 1 |a многокомпонентные системы 
610 1 |a электродные процессы 
610 1 |a металлы 
610 1 |a ионизация 
610 1 |a химические реакции 
610 1 |a комплексообразование 
610 1 |a бинарные осадки 
610 1 |a термодинамические модели 
610 1 |a электрохимическое поведение 
610 1 |a ртутно-графитовые электроды 
610 1 |a авторефераты диссертаций 
610 1 |a библиотека А. Г. Стромберга 
675 |a 543.552(04)  |v 4 
686 |a 02.00.02  |2 oksvnk 
700 1 |a Нейман  |b Е. Я.  |g Евгений Янович 
712 0 2 |a Академия наук СССР (АН СССР)  |b Институт геохимии и аналитической химии им. В. И. Вернадского (ГЕОХИ)  |c (Москва)  |2 stltpush  |3 (RuTPU)RU\TPU\col\11383 
801 1 |a RU  |b 63413507  |c 20171003 
801 2 |a RU  |b 63413507  |c 20171130  |g RCR 
942 |c BK